000 00502nam a2200145Ia 4500
008 231129s2003||||xx |||||||||||||| ||spa||
020 _a958-33-3995-4
040 _bspa
082 _a338.986134 R696d
100 _aRodrí­guez Rodrí­guez Jahir
245 0 _aDesastre reconstrucción y formación de nueva ciudadaní­a: las organizaciones populares de vivienda en el Eje Cafetero
260 _c2003
264 _aUniversitaria de Colombia
942 _2ddc
_cBKS
999 _c9064
_d9064